Reálna hodnota ako oceňovacia veličina v účtovníctve podnikateľskej účtovnej jednotky diplomová práca

Guardado en:
Detalles Bibliográficos
Autor principal: Balogová, Natália
Autor Corporativo: Fakulta hospodárskej informatiky EU. Katedra účtovníctva a audítorstva
Otros Autores: Šlosárová, Anna
Formato: Libro
Lenguaje:eslovaco
Publicado: Bratislava 2012
Etiquetas: Agregar Etiqueta
Sin Etiquetas, Sea el primero en etiquetar este registro!

MARC

LEADER 00000nbm a2200000 4500
001 0154740
005 20161109102141.5
041 0 |a slo 
044 |a SK 
245 1 0 |a Reálna hodnota ako oceňovacia veličina v účtovníctve podnikateľskej účtovnej jednotky  |b diplomová práca  |c Natália Balogová ; školiteľ: Anna Šlosárová 
264 1 |a Bratislava  |c 2012 
300 |a 71 s. 
100 1 |a Balogová, Natália 
700 1 |a Šlosárová, Anna 
710 2 |a Fakulta hospodárskej informatiky EU. Katedra účtovníctva a audítorstva